1481 1827 1113 1416 1133 1843 1044 1739 1939 1193 1889 1501 1130 1099 1163 1086 1840 1950 1597 1549 1861 1308 1460 1054 1995 1155 1202 1065 1618 1165 1010 1427 1164 1803 1742 1492 1744 1507 1848 1602 1810 1725 1413 1346 1956 1813 1762 1816 1615 1688 1971 1959 1980 1919 1027 1668 1277 1850 1183 1721 1706 1105 1773 1394 1539 1745 1261 1223 1169 1066 1662 1033 1127 1628 1078 1451 1883 1252 1476 1043 1729 1524 1492 1230 1889 1858 1031 1488 1775 1471 1466 1638 1477 1003 1536 1969 1835 1254 1240 BCNSPRNW ULIB Ver.6.0+V

เปลี่ยนเป็นภาษาไทย

Change to English
 แสดงรายละเอียดบรรณานุกรม
  กลับหน้าหลัก

Brief Record : Get Marc (ISO 2709) : E-mail record : QR code < ปิดหน้าต่าง
LEADER : 00000nam 2200000uu 4500
001    13399110300
003     ULIB
008    110428s2552||||th 000 0 tha d
020    9786161400651
050  4 BQ942.B45^bอ235 2552
100 0  อินทุวรรณา เชยชื่นสกุล.
245 10 โพธินิทสฺสนา/^cอินทุวรรณา เชยชื่นสกุล.
260    กรุงเทพฯ :^bสุขภาพใจ,^c2552.
300    152 หน้า :^bภาพประกอบ ;^c21 ซม.
500    ที่ระลึกพิธีถวายปริญญาครุศษสตร์ดุษฎีบัณฑิตกิติมศักดิ์ สาขาหลักสูตรและการสอน มหาวิทยาลัยราชภัฎสุราษฎร์ธานี แด่ พระภาวนาโพธิคุณ(โพธิ์ จนฺทสโร)
600 00 พระภาวนาโพธิคุณ(โพธิ์ จนฺทสโร)
650  4 การดำเนินชีวิต^xแง่ศาสนา^xพุทธศาสนา.
650  4 วัตถุนิยม.
945    ^p0^l0^i030058
995     เกษร
999 ^a ใช้งานได้ทุกระบบ
รายการนี้ยังไม่มีแท็ก
คุณยังไม่ได้ล็อกอิน คุณสามารถมีกิจกรรมร่วมกับเว็บไซต์ได้ แต่ต้องล็อกอินก่อน ::
  ล็อกอิน

รายการสื่อสารสนเทศ

ลำดับที่ ประเภท เลขเรียก/บาร์โค้ด สถานที่ สถานะ
- ไม่พบข้อมูล -

BibComment


ยังไม่เคยถูกคอมเมนท์

คอมเมนท์ทรัพยากรรายการนี้
  คอมเมนท์: โพธินิทสฺสนา อินท..


 Copyright 2026. Bcnsprnw @Library